[Event "C.to Provinciale AT"]
[Site "Asti ITA"]
[Date "2006.02.05"]
[Round "5"]
[White "Torrisi, Andrea"]
[Black "Brancaleoni, Maurizio"]
[Result "1/2-1/2"]
[WhiteElo "1888"]
[BlackElo "2306"]
[PlyCount "93"]
[EventDate "2006.02.02"]

1.d4 Nf6 2.Nf3 g6 3.c4 Bg7 4.Nc3 O-O 5.e4 d6 6.Be2 Na6 7.O-O e5 8.d5 Nc5 
9.Qc2 a5 10.Ne1 b6 11.f3 Ne8 12.Be3 f5 13.Nd3 f4 14.Bf2 h5 15.a3 g5 16.b4 
Nxd3 17.Qxd3 g4 18.c5 bxc5 19.bxc5 Qg5 20.fxg4 hxg4 21.Qd2 Qg6 22.g3 Nf6 
23.Bd3 Nh5 24.cxd6 cxd6 25.Ne2 Bh6 26.Qc2 Bd7 27.gxf4 Nxf4 28.Nxf4 Bxf4 
29.Bg3 Bxg3 30.hxg3 Qh6 31.Rf2 Qe3 32.Rf1 Qxg3+ 33.Rg2 Qe3+ 34.Kh1 Rxf1+ 
35.Bxf1 Rc8 36.Qe2 Rc3 37.Rxg4+ Bxg4 38.Qxg4+ Kh7 39.Qd7+ Kh6 40.Qxd6+ Kh5
41.Qxe5+ Kg4 42.Qf5+ Kh4 43.Qf6+ Kg3 44.Qg6+ Kh4 45.Qf6+ Kg3 46.Qg6+ Kh4 
47.Qf6+ 1/2-1/2

[Event "C.to Provinciale AT"]
[Site "Asti ITA"]
[Date "2006.02.05"]
[Round "5"]
[White "Venturino, Marco"]
[Black "Degrassi, Sergio"]
[Result "1-0"]
[WhiteElo "2116"]
[BlackElo "1796"]
[PlyCount "55"]
[EventDate "2006.02.02"]

1.d4 d5 2.c4 c6 3.Nc3 Nf6 4.cxd5 cxd5 5.Nf3 e6 6.Bf4 Be7 7.e3 O-O 8.Bd3 a6
9.h3 h6 10.O-O b5 11.a3 Bb7 12.Ne5 Nbd7 13.Rc1 Rc8 14.Bb1 Ne4 15.Qd3 Ndf6 
16.f3 Nd6 17.Ng4 Nf5 18.Nxf6+ gxf6 19.g4 Kh8 20.gxf5 Rg8+ 21.Kf2 Rg7 22.
Rg1 Qg8 23.fxe6 f5 24.exf7 Bh4+ 25.Bg3 Bxg3+ 26.Rxg3 Qxf7 27.Rxg7 Qxg7 28.
Rg1 1-0

[Event "C.to Provinciale AT"]
[Site "Asti ITA"]
[Date "2006.02.05"]
[Round "6"]
[White "Brancaleoni, Maurizio"]
[Black "Finocchiaro, Gianluca"]
[Result "1/2-1/2"]
[WhiteElo "2306"]
[BlackElo "1854"]
[PlyCount "171"]
[EventDate "2006.02.02"]

1.c4 e5 2.Nc3 Bb4 3.Nd5 Bc5 4.Nf3 e4 5.Ng5 c6 6.Nxe4 Bxf2+ 7.Nxf2 cxd5 8.
cxd5 Nf6 9.e4 d6 10.Be2 Nbd7 11.O-O Qb6 12.d3 Ne5 13.Qb3 Qd4 14.Qc3 Qb6 
15.Qb3 Qd4 16.h3 O-O 17.Qc3 Qb6 18.Bd2 Bd7 19.Qa5 Qxb2 20.Rab1 Qd4 21.Rb4 
b6 22.Qa6 Qc5 23.d4 Qc2 24.Rd1 Ng6 25.Rc4 Qb2 26.Rb4 Qc2 27.Rbb1 Qc8 28.
Qxc8 Raxc8 29.Rdc1 Rxc1+ 30.Rxc1 Rc8 31.Rxc8+ Bxc8 32.Bb4 Ne8 33.Bb5 Nc7 
34.Bc6 Ne7 35.Ba4 b5 36.Bxd6 bxa4 37.Bxc7 f5 38.Bd8 Ng6 39.Bg5 h6 40.Be3 
Kf7 41.Kf1 Bb7 42.exf5 Ne7 43.Ne4 Bxd5 44.Nc3 Bc4+ 45.Kf2 Nxf5 46.a3 Nd6 
47.d5 Nb5 48.Nxb5 Bxb5 49.Bxa7 Bc4 50.d6 Ke6 51.Bc5 Bb5 52.g3 h5 53.Kf3 
Ke5 54.Bb4 g6 55.h4 Bd7 56.Ke3 Bb5 57.Kf3 Bd7 58.Kf2 Ke4 59.Bd2 Bb5 60.Bf4
Bd7 61.Ke2 Kd4 62.Kd2 Bf5 63.Be3+ Kd5 64.Bf4 Kd4 65.Bg5 Bd7 66.Bf6+ Kd5 
67.Be7 Kd4 68.Kc2 Kc4 69.Bg5 Bf5+ 70.Kb2 Bd7 71.Bd2 Bf5 72.Bb4 Bd7 73.Kc2 
Bf5+ 74.Kd2 Kd4 75.Ke2 Ke4 76.Bc5 Bd7 77.Kd2 Kd5 78.Bb4 Kd4 79.Bc3+ Kd5 
80.Ke3 Kxd6 81.Kf4 Bf5 82.Kg5 Ke6 83.Bd4 Kf7 84.Bc3 Ke6 85.Bb4 Kf7 86.Bc3 
1/2-1/2

[Event "C.to Provinciale AT"]
[Site "Asti ITA"]
[Date "2006.02.05"]
[Round "6"]
[White "Cova, Alessandro"]
[Black "Martin, Tiziano"]
[Result "0-1"]
[WhiteElo "1963"]
[BlackElo "1978"]
[PlyCount "64"]
[EventDate "2006.02.02"]

1.d4 d6 2.e4 e5 3.Nf3 exd4 4.Nxd4 Nf6 5.Nc3 Nc6 6.Bb5 Bd7 7.Be3 Be7 8.O-O 
O-O 9.Be2 Re8 10.f4 Bf8 11.Bf3 a6 12.a4 Rb8 13.Kh1 Qc8 14.Rg1 Ng4 15.Bxg4 
Bxg4 16.Qd2 Bd7 17.Qf2 Qd8 18.g4 Nxd4 19.Bxd4 c5 20.Be3 Bc6 21.Rge1 Bxe4+ 
22.Kg1 Bc6 23.Rad1 Qc8 24.f5 b5 25.axb5 axb5 26.Ne2 Qb7 27.f6 g6 28.Ng3 
Bf3 29.Ra1 Bxg4 30.Rf1 Bh3 31.Qd2 Rxe3 32.Qxe3 Qg2# 0-1

[Event "C.to Provinciale AT"]
[Site "Asti ITA"]
[Date "2006.02.05"]
[Round "6"]
[White "De Francisci, Luigi"]
[Black "Marello, Giampiero"]
[Result "1-0"]
[WhiteElo "1798"]
[BlackElo "1700"]
[PlyCount "53"]
[EventDate "2006.02.02"]

1.d4 Nf6 2.Nc3 e6 3.e4 Bb4 4.Bd3 c5 5.a4 Ba5 6.Ne2 cxd4 7.Nxd4 Bxc3+ 8.
bxc3 Qa5 9.Bd2 O-O 10.f4 d6 11.O-O Nbd7 12.Qe1 Qd8 13.e5 dxe5 14.fxe5 Ng4 
15.Nf3 f5 16.h3 Nh6 17.Bxh6 gxh6 18.Rd1 Qe7 19.Kh1 Rf7 20.Qd2 Qf8 21.Bc4 
Nc5 22.Nd4 Qg7 23.Nxf5 exf5 24.Qd8+ Qf8 25.Bxf7+ Kxf7 26.Qf6+ Kg8 27.Rd8 
1-0

[Event "C.to Provinciale AT"]
[Site "Asti ITA"]
[Date "2006.02.05"]
[Round "6"]
[White "Degrassi, Sergio"]
[Black "Molina, Fabrizio"]
[Result "0-1"]
[WhiteElo "1796"]
[BlackElo "2264"]
[PlyCount "74"]
[EventDate "2006.02.02"]

1.d4 d6 2.Nf3 g6 3.Bg5 Bg7 4.e3 c6 5.Nbd2 Nd7 6.c3 Nb6 7.Bd3 Be6 8.Qc2 f6 
9.Bf4 Bf7 10.h4 e5 11.dxe5 dxe5 12.Bg3 Qe7 13.a4 Rd8 14.a5 Nc8 15.Rd1 Nd6 
16.e4 Nh6 17.O-O O-O 18.Rfe1 Be6 19.c4 Rd7 20.c5 Nc8 21.Bc4 Rfd8 22.b4 Ng4
23.Qb3 Bxc4 24.Nxc4 Qe6 25.Nfd2 Bh6 26.Re2 Rd4 27.f3 Rd3 28.Qc2 Ne3 29.
Nxe3 Bxe3+ 30.Bf2 Bf4 31.g3 Bh6 32.Kg2 Kf7 33.Be1 Kg7 34.Qb2 a6 35.Qa1 Na7
36.g4 Bf4 37.Kf2 Nb5 0-1

[Event "C.to Provinciale AT"]
[Site "Asti ITA"]
[Date "2006.02.05"]
[Round "6"]
[White "Forno, Roberto"]
[Black "Torrisi, Andrea"]
[Result "1-0"]
[WhiteElo "2005"]
[BlackElo "1888"]
[PlyCount "83"]
[EventDate "2006.02.02"]

1.d4 Nf6 2.Bg5 Ne4 3.Bf4 e6 4.f3 Nf6 5.e4 d6 6.c4 Be7 7.Nc3 Nbd7 8.Qc2 e5 
9.Be3 exd4 10.Bxd4 c5 11.Be3 Ne5 12.O-O-O Bd7 13.g4 a6 14.Kb1 Qb8 15.g5 
Nh5 16.Nd5 b5 17.cxb5 axb5 18.Nxe7 Kxe7 19.Rxd6 Nc4 20.Bxc5 Nxd6 21.e5 Qb7
22.Bxd6+ Kd8 23.Bd3 Qa7 24.a3 Qe3 25.Ne2 Rc8 26.Nc3 Nf4 27.Be4 Ne6 28.Bb7 
Nd4 29.Qd1 Rxc3 30.bxc3 Bf5+ 31.Be4 Bxe4+ 32.fxe4 Qxc3 33.Bb4 Qc4 34.Qd2 
Ke8 35.Rc1 Qb3+ 36.Ka1 Qxa3+ 37.Bxa3 Nb3+ 38.Ka2 Nxd2 39.Rc8+ Kd7 40.Rxh8 
Nxe4 41.Rxh7 Nxg5 42.Rxg7 1-0

[Event "C.to Provinciale AT"]
[Site "Asti ITA"]
[Date "2006.02.05"]
[Round "6"]
[White "Gamba, Ezio"]
[Black "Gussone, Claudio"]
[Result "1-0"]
[WhiteElo "1838"]
[BlackElo "1947"]
[PlyCount "37"]
[EventDate "2006.02.02"]

1.e4 d6 2.d4 Nf6 3.Nc3 g6 4.f4 Bg7 5.e5 dxe5 6.dxe5 Qxd1+ 7.Kxd1 Ng4 8.Nd5
Kd7 9.Ke1 c6 10.Nc3 Kc7 11.Bc4 e6 12.Nf3 Nd7 13.Ng5 Nh6 14.Bxe6 Bxe5 15.
fxe5 fxe6 16.Nxe6+ Kb6 17.Bxh6 Re8 18.Be3+ Ka6 19.Nc7+ 1-0

[Event "C.to Provinciale AT"]
[Site "Asti ITA"]
[Date "2006.02.05"]
[Round "6"]
[White "Quirico, Paolo"]
[Black "Malano, Francesco"]
[Result "1-0"]
[WhiteElo "1987"]
[BlackElo "2041"]
[PlyCount "72"]
[EventDate "2006.02.02"]

1.d4 d5 2.Nf3 Nf6 3.Bf4 Bf5 4.e3 e6 5.c4 c6 6.Nc3 Bd6 7.c5 Bxf4 8.exf4 
Nbd7 9.Bd3 Bxd3 10.Qxd3 O-O 11.O-O Re8 12.b4 Qc7 13.Ne5 b6 14.Rfe1 Rab8 
15.Rab1 g6 16.h3 b5 17.g4 a5 18.a3 axb4 19.axb4 Ra8 20.Ra1 Kg7 21.Kg2 Ng8 
22.Ne2 f6 23.Nxd7 Qxd7 24.Ra3 Rxa3 25.Qxa3 e5 26.fxe5 fxe5 27.dxe5 Rxe5 
28.Qc3 d4 29.Nxd4 Rxe1 30.Nf3+ Kh6 31.g5+ Kh5 32.Qxe1 h6 33.Qe5 Qd5 34.
gxh6+ Qxe5 35.Nxe5 Kxh6 36.Nxc6 Nf6 1-0

[Event "C.to Provinciale AT"]
[Site "Asti ITA"]
[Date "2006.02.05"]
[Round "6"]
[White "Rivello, Roberto"]
[Black "Giretti Kanev, Jasen"]
[Result "0-1"]
[WhiteElo "2269"]
[BlackElo "2221"]
[PlyCount "98"]
[EventDate "2006.02.02"]

1.e4 e6 2.d4 d5 3.Nd2 b6 4.Ngf3 dxe4 5.Nxe4 Bb7 6.Bb5+ c6 7.Bd3 Nf6 8.
Nxf6+ gxf6 9.Bf4 Bd6 10.Qd2 Na6 11.c3 Nc7 12.c4 Qe7 13.O-O-O O-O-O 14.Bg3 
h5 15.Qc2 Na6 16.a3 Rhg8 17.Rhe1 Kb8 18.Qa4 Rg4 19.Kb1 c5 20.d5 Bxg3 21.
fxg3 Nc7 22.Bf5 b5 23.Qa5 Rxc4 24.b3 Rg4 25.Bxg4 hxg4 26.dxe6 gxf3 27.Rd7 
Rxd7 28.exd7 Qxd7 29.gxf3 Bxf3 30.Qc3 Qf5+ 31.Kc1 Ne6 32.Qd2 Nd4 33.Kb2 
Bc6 34.b4 Qf3 35.Re3 Qd5 36.bxc5 Ne6 37.Qxd5 Bxd5 38.h4 Kc7 39.h5 Ng5 40.
Kc3 a5 41.Kd4 Kc6 42.h6 Be6 43.Re4 b4 44.axb4 axb4 45.Rf4 b3 46.Rxf6 b2 
47.Rf1 Bf5 48.Ke5 Bd3 49.Rd1 Nh7 0-1

[Event "C.to Provinciale AT"]
[Site "Asti ITA"]
[Date "2006.02.05"]
[Round "6"]
[White "Ronzano, Luca"]
[Black "Roversi, Stefano"]
[Result "0-1"]
[WhiteElo "1901"]
[BlackElo "1885"]
[PlyCount "102"]
[EventDate "2006.02.02"]

1.e4 c5 2.b4 cxb4 3.d4 e6 4.a3 d5 5.e5 Nc6 6.axb4 Bxb4+ 7.c3 Ba5 8.Qg4 
Nge7 9.Qxg7 Rg8 10.Qxh7 Nxd4 11.Ra3 Bd7 12.Nf3 Nxf3+ 13.gxf3 d4 14.Bd2 
dxc3 15.Bxc3 Bxc3+ 16.Nxc3 Qc7 17.Qe4 Bc6 18.Nb5 Bxb5 19.Bxb5+ Kf8 20.Ke2 
Nd5 21.Bc4 Qc5 22.Rb3 Rg2 23.Rf1 Rc8 24.Bxd5 exd5 25.Qb4 Qxb4 26.Rxb4 b6 
27.h4 Ke7 28.f4 Ke6 29.Kf3 Rgg8 30.Rb3 Kf5 31.Rd1 Rg4 32.Rxd5 Rxf4+ 33.Ke3
Re4+ 34.Kd2 Rxe5 35.Rf3+ Ke6 36.Rxe5+ Kxe5 37.Rxf7 a5 38.h5 Rh8 39.Rb7 Rh6
40.Ke3 Kd5 41.f4 a4 42.Kd3 Kc5 43.Rg7 Kb4 44.Rg5 Rc6 45.Rg6 Rc3+ 46.Kd2 b5
47.Rg5 Rh3 48.Re5 a3 49.Re4+ Kb3 50.Re1 a2 51.f5 Rxh5 0-1

[Event "III Festival A"]
[Site "Assisi ITA"]
[Date "2006.02.02"]
[Round "1"]
[White "Anceschi, Vittorio"]
[Black "Vincenzi, Marco"]
[Result "1-0"]
[WhiteElo "2266"]
[BlackElo "2079"]
[PlyCount "120"]
[EventDate "2006.02.02"]

1.e4 c5 2.Nc3 Nc6 3.g3 g6 4.Bg2 Bg7 5.d3 d6 6.Be3 Nf6 7.h3 O-O 8.Qd2 e5 9.
Nge2 Be6 10.Nd5 Qd7 11.Bh6 Bxh6 12.Nxf6+ Kg7 13.Qxh6+ Kxh6 14.Nxd7 Bxd7 
15.c3 Rab8 16.f4 Kg7 17.O-O f6 18.Rfd1 Be6 19.b3 Rfd8 20.d4 Bf7 21.d5 Ne7 
22.fxe5 fxe5 23.h4 g5 24.hxg5 Bh5 25.Kf2 Rf8+ 26.Ke3 Rf7 27.Rf1 Rbf8 28.
Rxf7+ Rxf7 29.Ng1 Kg6 30.Bh3 Kxg5 31.Be6 Rf8 32.Nh3+ Kh6 33.g4 Bg6 34.Rh1 
Kg7 35.Ng5 h6 36.Nf3 Ng8 37.Bxg8 Rxg8 38.Nh4 Rf8 39.Nf5+ Bxf5 40.gxf5 Rf6 
41.Kf3 Kh7 42.Kg3 Rf8 43.Rf1 h5 44.Kh4 Rg8 45.f6 Rg4+ 46.Kxh5 Rf4 47.Rxf4 
exf4 48.Kg4 Kg6 49.Kxf4 Kxf6 50.c4 b6 51.a3 a6 52.a4 a5 53.e5+ dxe5+ 54.
Ke4 Kf7 55.Kxe5 Ke7 56.Kf5 Kd7 57.Kg6 Ke7 58.Kg7 Kd6 59.Kf8 Kd7 60.Kf7 Kd6
1-0

[Event "III Festival A"]
[Site "Assisi ITA"]
[Date "2006.02.02"]
[Round "1"]
[White "Bartolozzi, Roberto"]
[Black "Peric, Slavisa"]
[Result "0-1"]
[WhiteElo "2093"]
[BlackElo "2284"]
[PlyCount "136"]
[EventDate "2006.02.02"]

1.Nf3 d5 2.d4 Nf6 3.Bg5 Ne4 4.Bf4 c5 5.e3 Nc6 6.c3 e6 7.Nbd2 Nxd2 8.Qxd2 
Bd6 9.Bxd6 Qxd6 10.Bb5 O-O 11.O-O a6 12.Bd3 e5 13.dxe5 Nxe5 14.Nxe5 Qxe5 
15.Rfe1 Rd8 16.Rad1 Bg4 17.Be2 Bxe2 18.Qxe2 Rd6 19.f4 Qe4 20.Qd3 Rad8 21.
Re2 f5 22.Qxe4 dxe4 23.Rxd6 Rxd6 24.Kf2 c4 25.h3 Kf7 26.g4 Kf6 27.Ke1 Rd3 
28.Kf2 b5 29.Rc2 g5 30.fxg5+ Kxg5 31.gxf5 h5 32.Ke2 Kxf5 33.Rc1 Kg5 34.Rf1
Kh4 35.Rf5 Rd6 36.Ke1 Kxh3 37.Rxh5+ Kg4 38.Rh1 a5 39.a3 b4 40.axb4 axb4 
41.cxb4 Rd3 42.Rh2 Rb3 43.Rf2 Kg3 44.Rc2 Kf3 45.Rxc4 Rxb2 46.Rc3 Rxb4 47.
Kd2 Rb2+ 48.Kd1 Kf2 49.Ra3 Rb5 50.Kd2 Rd5+ 51.Kc2 Ke2 52.Rc3 Rd3 53.Rc8 
Kxe3 54.Rh8 Rd2+ 55.Kc1 Rf2 56.Kd1 Rf1+ 57.Kc2 Ke2 58.Rh7 e3 59.Rh2+ Rf2 
60.Rh1 Kf3+ 61.Kd1 Ra2 62.Rh3+ Ke4 63.Rh8 Kf3 64.Rh3+ Kf4 65.Rh4+ Kg3 66.
Rh8 Kg2 67.Rg8+ Kf1 68.Rf8+ Rf2 0-1

[Event "III Festival A"]
[Site "Assisi ITA"]
[Date "2006.02.02"]
[Round "1"]
[White "Bonafede, Alessandro"]
[Black "Lagumina, Giulio"]
[Result "1/2-1/2"]
[WhiteElo "2115"]
[BlackElo "2311"]
[PlyCount "94"]
[EventDate "2006.02.02"]

1.e4 e5 2.Nf3 d6 3.d4 exd4 4.Nxd4 g6 5.Nc3 Bg7 6.Be3 Nf6 7.Qd2 O-O 8.Bc4 
Re8 9.f3 Nbd7 10.O-O-O Ne5 11.Bb3 a6 12.a3 b5 13.h4 c5 14.Nde2 c4 15.Ba2 
Bb7 16.Qxd6 Nd3+ 17.Rxd3 cxd3 18.Qxd3 Qe7 19.Bg5 h6 20.Bf4 Rad8 21.Qe3 h5 
22.Bg5 b4 23.axb4 Qxb4 24.Nf4 Rd6 25.Nd3 Qa5 26.Qf4 Rc6 27.Kb1 Rxc3 28.
Bxf6 Rc7 29.e5 Bd5 30.Bxd5 Qxd5 31.Bxg7 Kxg7 32.Qg5 Qc4 33.Rc1 Rb8 34.g4 
Rcb7 35.Qf6+ Kg8 36.e6 Qxe6 37.Qxe6 fxe6 38.Re1 Kf7 39.gxh5 gxh5 40.b3 Rb5
41.Ne5+ Kg7 42.Rg1+ Kh7 43.Rg5 Rf8 44.Rxh5+ Kg7 45.Rg5+ Kh7 46.Rh5+ Kg7 
47.Rg5+ Kh7 1/2-1/2

[Event "III Festival A"]
[Site "Assisi ITA"]
[Date "2006.02.02"]
[Round "1"]
[White "Caruso, Augusto"]
[Black "Bondielli, Giorgio"]
[Result "1-0"]
[WhiteElo "2232"]
[BlackElo "2025"]
[PlyCount "43"]
[EventDate "2006.02.02"]

1.Nc3 e5 2.Nf3 Nc6 3.d4 exd4 4.Nxd4 Nxd4 5.Qxd4 Nf6 6.e4 d6 7.b3 Be7 8.Bb2
O-O 9.O-O-O c6 10.f3 Qb6 11.Qd2 Be6 12.g4 Rfd8 13.g5 Ne8 14.f4 d5 15.exd5 
Bxd5 16.Nxd5 Rxd5 17.Bd3 Bc5 18.Qg2 Bd4 19.Bxh7+ Kxh7 20.Qe4+ g6 21.Rxd4 
Nd6 22.Qd3 1-0

[Event "III Festival A"]
[Site "Assisi ITA"]
[Date "2006.02.02"]
[Round "1"]
[White "Giuliani, Sante"]
[Black "Rombaldoni, Axel"]
[Result "0-1"]
[WhiteElo "2004"]
[BlackElo "2123"]
[PlyCount "72"]
[EventDate "2006.02.02"]

1.e4 c5 2.Nf3 Nc6 3.d4 cxd4 4.Nxd4 Nf6 5.Nc3 d6 6.Bg5 e6 7.Qd2 a6 8.Be2 
Bd7 9.a4 Be7 10.O-O Rc8 11.Be3 Ne5 12.f4 Neg4 13.Nb3 Nxe3 14.Qxe3 O-O 15.
Kh1 b5 16.axb5 axb5 17.Bd3 b4 18.Ne2 e5 19.f5 Ra8 20.Rxa8 Qxa8 21.Ra1 Qb8 
22.Qa7 Qc8 23.Nd2 d5 24.Ng3 Re8 25.Qa6 Qc5 26.Qa7 Ng4 27.Qxc5 Bxc5 28.h3 
Nf2+ 29.Kh2 Be3 30.Ngf1 Bd4 31.Ra2 dxe4 32.Nxe4 Nxd3 33.cxd3 Bxf5 34.Nd6 
Be6 35.Ra4 Rb8 36.Nb5 Bd7 0-1

[Event "III Festival A"]
[Site "Assisi ITA"]
[Date "2006.02.02"]
[Round "1"]
[White "Magalotti, Andrea"]
[Black "Antoniacci, Riccardo"]
[Result "1/2-1/2"]
[WhiteElo "2136"]
[BlackElo "2006"]
[PlyCount "56"]
[EventDate "2006.02.02"]

1.Nf3 c5 2.g3 d5 3.c4 d4 4.d3 Nc6 5.Bg2 e5 6.e3 Be7 7.exd4 exd4 8.O-O Bg4 
9.h3 Be6 10.Re1 Qd7 11.Kh2 h6 12.Bf4 g5 13.Bd2 Bf5 14.Qb3 Nf6 15.Na3 Kf8 
16.Ne5 Nxe5 17.Rxe5 Bd6 18.Re2 a6 19.Rf1 Kg7 20.f4 g4 21.h4 Rab8 22.Rfe1 
b5 23.Qc2 Qc7 24.b3 b4 25.Nb1 a5 26.Bc1 Qb6 27.Nd2 Qc7 28.Ne4 Be7 1/2-1/2

[Event "III Festival A"]
[Site "Assisi ITA"]
[Date "2006.02.02"]
[Round "1"]
[White "Mogranzini, Roberto"]
[Black "Diotallevi, Maurizio"]
[Result "0-1"]
[WhiteElo "2370"]
[BlackElo "2122"]
[PlyCount "120"]
[EventDate "2006.02.02"]

1.e4 e6 2.d4 d5 3.Nd2 c5 4.exd5 Qxd5 5.Ngf3 cxd4 6.Bc4 Qd6 7.O-O Nf6 8.Nb3
Nc6 9.Nbxd4 Nxd4 10.Nxd4 a6 11.Re1 Qc7 12.Bd3 Bd6 13.h3 Bh2+ 14.Kh1 Bf4 
15.Qf3 Bxc1 16.Raxc1 O-O 17.c4 Rd8 18.Qe3 Qb6 19.Nb3 Qxe3 20.Rxe3 Bd7 21.
Kg1 Rac8 22.Na5 Rc7 23.Be2 b6 24.Nb3 a5 25.Rd1 a4 26.Nc1 Rdc8 27.b3 b5 28.
Kh2 axb3 29.axb3 Kf8 30.Na2 bxc4 31.bxc4 Ba4 32.Rd2 Nd7 33.Nc3 Bc6 34.Ra2 
Ra8 35.Rxa8+ Bxa8 36.Nb5 Rc8 37.Ra3 Bc6 38.Ra7 Rb8 39.Nd4 Bb7 40.Nb3 Bc6 
41.Na5 Ba4 42.f4 Nc5 43.Bf3 Nb3 44.Nb7 Be8 45.Nd6 Rd8 46.Nxe8 Kxe8 47.f5 
Nd4 48.fxe6 Nxe6 49.Bd5 Kf8 50.Kg3 Rc8 51.Rd7 Re8 52.Kf2 Re7 53.Rd6 Nc7 
54.Bf3 g6 55.Rd2 h5 56.h4 Kg7 57.Rd3 Kf6 58.Ra3 Ne6 59.Ra6 Ke5 60.Ke3 Rc7 
0-1

[Event "III Festival A"]
[Site "Assisi ITA"]
[Date "2006.02.02"]
[Round "1"]
[White "Novelli, Cristiano"]
[Black "Malfagia, Andrea"]
[Result "0-1"]
[WhiteElo "2073"]
[BlackElo "2244"]
[PlyCount "56"]
[EventDate "2006.02.02"]

1.e4 e6 2.d4 d5 3.e5 c5 4.c3 Qb6 5.Nf3 Bd7 6.a4 Nc6 7.Be2 f6 8.O-O cxd4 9.
cxd4 fxe5 10.dxe5 Bc5 11.Nc3 Nge7 12.Bd3 O-O 13.a5 Nxa5 14.Bxh7+ Kxh7 15.
Ng5+ Kg8 16.Qh5 Rf5 17.g4 Rxg5 18.Bxg5 Nc4 19.Bf6 Rf8 20.Qg5 Rf7 21.h4 
Qxb2 22.Rac1 Nd2 23.Qf4 Ng6 24.Qg3 Nxf1 25.Rxf1 gxf6 26.h5 Nxe5 27.g5 Rg7 
28.g6 Qc2 0-1

[Event "III Festival A"]
[Site "Assisi ITA"]
[Date "2006.02.02"]
[Round "1"]
[White "Rigo, Gianfrancesco"]
[Black "Cucinella, Vincenzo"]
[Result "0-1"]
[WhiteElo "2019"]
[BlackElo "2142"]
[PlyCount "68"]
[EventDate "2006.02.02"]

1.e4 c5 2.Nf3 e6 3.d4 cxd4 4.Nxd4 a6 5.Nc3 Qc7 6.Bd3 Nf6 7.Be3 Nc6 8.O-O 
Ne5 9.Nf3 Neg4 10.Bg5 Bc5 11.Bh4 b5 12.h3 Ne5 13.Nxe5 Qxe5 14.Qf3 Bb7 15.
Bg3 Qg5 16.Bf4 Qh4 17.Bg3 Qh5 18.Qf4 d6 19.a3 e5 20.Qh4 g5 21.Qxh5 Nxh5 
22.Kh2 Nf4 23.Nd1 f5 24.Re1 Nxd3 25.cxd3 f4 26.Rc1 Kd7 27.f3 fxg3+ 28.Kxg3
Bd4 29.Nc3 h5 30.h4 gxh4+ 31.Kh3 Bf2 32.Re2 Bg3 33.Rec2 Kd8 34.f4 exf4 0-1

[Event "III Festival A"]
[Site "Assisi ITA"]
[Date "2006.02.02"]
[Round "1"]
[White "Rombaldoni, Denis"]
[Black "Frigieri, Fabrizio"]
[Result "1-0"]
[WhiteElo "2292"]
[BlackElo "2096"]
[PlyCount "73"]
[EventDate "2006.02.02"]

1.d4 d5 2.c4 e6 3.Nf3 c6 4.e3 Nf6 5.Nc3 Bd6 6.Qc2 Nbd7 7.g4 dxc4 8.Bxc4 b5
9.Be2 b4 10.Na4 Bb7 11.Bd2 c5 12.Nxc5 Bxc5 13.dxc5 Ne5 14.Nxe5 Bxh1 15.
O-O-O Qd5 16.Bxb4 Qxe5 17.Bb5+ Kf8 18.c6+ Kg8 19.c7 g6 20.c8=Q+ Rxc8 21.
Qxc8+ Kg7 22.Qxh8+ Kxh8 23.Rd8+ Ng8 24.Bc3 Qxc3+ 25.bxc3 Kg7 26.g5 Ne7 27.
Rd7 Nd5 28.Rxa7 Nxc3 29.Be8 Kf8 30.Bxf7 Nxa2+ 31.Rxa2 Kxf7 32.f3 e5 33.e4 
Ke6 34.Rf2 Kd6 35.Kd2 Kc5 36.Ke3 Kd6 37.h4 1-0

[Event "III Festival A"]
[Site "Assisi ITA"]
[Date "2006.02.03"]
[Round "2"]
[White "Antoniacci, Riccardo"]
[Black "Mogranzini, Roberto"]
[Result "0-1"]
[WhiteElo "2006"]
[BlackElo "2370"]
[PlyCount "106"]
[EventDate "2006.02.02"]

1.e4 c5 2.Nf3 e6 3.d4 cxd4 4.Nxd4 a6 5.c4 Nf6 6.Bd3 d6 7.O-O b6 8.Nc3 Bb7 
9.Bg5 Nbd7 10.Rc1 Be7 11.Qe2 O-O 12.Rfd1 Qc7 13.Bh4 Rfe8 14.b3 Rad8 15.Bb1
Qb8 16.Bg3 g6 17.h3 Nh5 18.Bh2 Bg5 19.Rc2 e5 20.Nf3 Bf4 21.g3 Bh6 22.Nd5 
Bc6 23.Nh4 Ng7 24.Rc3 Ne6 25.Nf3 Bg7 26.Qd2 Nd4 27.g4 Bxd5 28.cxd5 Nxf3+ 
29.Rxf3 Rc8 30.g5 f6 31.h4 fxg5 32.Qxg5 Rf8 33.Rxf8+ Nxf8 34.Rc1 Qb7 35.
Bd3 Bf6 36.Qe3 b5 37.Bg3 Nd7 38.Bf1 Rc7 39.Bh3 Nc5 40.Qc3 b4 41.Qc2 Rg7 
42.f3 Bd8 43.Bxe5 dxe5 44.Kh2 Bb6 45.d6 Qf7 46.d7 Qf4+ 47.Kg2 Nxd7 48.Rd1 
Nf8 49.Qc4+ Rf7 50.Bg4 h5 51.Rd6 hxg4 52.Rxb6 Qxf3+ 53.Kg1 Qf2+ 0-1

[Event "III Festival A"]
[Site "Assisi ITA"]
[Date "2006.02.03"]
[Round "2"]
[White "Bonafede, Alessandro"]
[Black "Magalotti, Andrea"]
[Result "1/2-1/2"]
[WhiteElo "2115"]
[BlackElo "2136"]
[PlyCount "95"]
[EventDate "2006.02.02"]

1.e4 e5 2.Nf3 Nc6 3.Bb5 Nf6 4.O-O Nxe4 5.d4 exd4 6.Re1 d5 7.Nbd2 Bc5 8.
Nxe4 dxe4 9.Rxe4+ Be6 10.Ng5 O-O 11.Rxe6 fxe6 12.Qh5 h6 13.Nxe6 Qf6 14.
Nxf8 Rxf8 15.f3 Ne5 16.Kh1 c6 17.Be2 Rd8 18.Bd2 d3 19.cxd3 Nxd3 20.Bxd3 
Rxd3 21.Bc3 Bd4 22.Qe8+ Kh7 23.Qe2 Qg6 24.Rd1 Rxd1+ 25.Qxd1 Bxc3 26.bxc3 
Qe6 27.Qd2 Qc4 28.Kg1 b5 29.g3 a5 30.Kf2 b4 31.cxb4 axb4 32.Ke3 Qc5+ 33.
Qd4 Qc1+ 34.Ke2 Qc2+ 35.Qd2 Qc5 36.Qd3+ Kg8 37.Qd8+ Kf7 38.Qd7+ Kf6 39.
Qd8+ Kg6 40.Qe8+ Kh7 41.Qe4+ g6 42.h4 Qd6 43.h5 Qxg3 44.Qxb4 Qg2+ 45.Ke3 
gxh5 46.Qe7+ Kg8 47.Qe8+ Kg7 48.Qe5+ 1/2-1/2

[Event "III Festival A"]
[Site "Assisi ITA"]
[Date "2006.02.03"]
[Round "2"]
[White "Bondielli, Giorgio"]
[Black "Bartolozzi, Roberto"]
[Result "0-1"]
[WhiteElo "2025"]
[BlackElo "2093"]
[PlyCount "30"]
[EventDate "2006.02.02"]

1.e4 e6 2.d4 d5 3.e5 c5 4.c3 Nc6 5.Nf3 Qb6 6.Bd3 Bd7 7.dxc5 Bxc5 8.O-O f6 
9.Qe2 fxe5 10.Nxe5 Nxe5 11.Qxe5 Nf6 12.Nd2 Bxf2+ 13.Kh1 O-O 14.Nf3 Bc5 15.
Bg5 Ng4 0-1

[Event "III Festival A"]
[Site "Assisi ITA"]
[Date "2006.02.03"]
[Round "2"]
[White "Cucinella, Vincenzo"]
[Black "Rombaldoni, Denis"]
[Result "0-1"]
[WhiteElo "2142"]
[BlackElo "2292"]
[PlyCount "94"]
[EventDate "2006.02.02"]

1.d4 Nf6 2.Nf3 e6 3.e3 b6 4.Nbd2 Bb7 5.Bd3 c5 6.O-O Be7 7.Qe2 O-O 8.c3 d5 
9.Ne5 c4 10.Bc2 b5 11.e4 dxe4 12.Nxe4 Nbd7 13.Nxd7 Qxd7 14.Nxf6+ Bxf6 15.
Qg4 Rfd8 16.Bg5 Bxg5 17.Qxg5 Qd5 18.Qxd5 Bxd5 19.Rfe1 Rab8 20.b4 cxb3 21.
axb3 Rdc8 22.Re3 g6 23.f3 Rc7 24.Bd1 Rbc8 25.Rc1 Rc6 26.Be2 Bxb3 27.Bxb5 
Rb6 28.Be2 a5 29.Ra1 a4 30.Kf2 g5 31.g3 Rbc6 32.Bb5 Rxc3 33.Rxc3 Rxc3 34.
Bxa4 Bd5 35.Bd1 Rd3 36.Be2 Rxd4 37.Ke3 Rb4 38.Rc1 Kg7 39.Rc2 Rb1 40.Bd3 
Rb3 41.f4 f5 42.Rc7+ Kg6 43.Kd4 gxf4 44.gxf4 Rb2 45.Rc2 Rb4+ 46.Ke3 Rb3 
47.Rc1 Be4 0-1

[Event "III Festival A"]
[Site "Assisi ITA"]
[Date "2006.02.03"]
[Round "2"]
[White "Frigieri, Fabrizio"]
[Black "Novelli, Cristiano"]
[Result "1/2-1/2"]
[WhiteElo "2096"]
[BlackElo "2073"]
[PlyCount "70"]
[EventDate "2006.02.02"]

1.e4 e5 2.Nf3 Nc6 3.Bb5 Qf6 4.O-O Bc5 5.c3 Nge7 6.a4 a6 7.Bc4 O-O 8.Na3 d6
9.d4 exd4 10.Bg5 Qg6 11.cxd4 Bxa3 12.Rxa3 Bg4 13.Qd2 h6 14.Bf4 b5 15.Ba2 
Kh8 16.d5 Bxf3 17.Rxf3 Ne5 18.Rg3 Qf6 19.Rc1 Rac8 20.Rgc3 c5 21.dxc6 Rxc6 
22.Bxe5 dxe5 23.Qd7 Rd6 24.Qa7 Rfd8 25.g3 b4 26.Rc7 Qf3 27.Bd5 Nxd5 28.
exd5 Rxd5 29.Rf1 Rd1 30.Rc1 R1d2 31.Qe7 e4 32.Rce1 f5 33.Re3 Qg4 34.Qxb4 
R8d4 35.Qc3 Qg6 1/2-1/2

[Event "III Festival A"]
[Site "Assisi ITA"]
[Date "2006.02.03"]
[Round "2"]
[White "Korneev, Oleg"]
[Black "Lagumina, Giulio"]
[Result "1-0"]
[WhiteElo "2649"]
[BlackElo "2311"]
[PlyCount "79"]
[EventDate "2006.02.02"]

1.e4 d5 2.exd5 Qxd5 3.Nc3 Qa5 4.d4 Nf6 5.Nf3 Bg4 6.h3 Bh5 7.g4 Bg6 8.Ne5 
e6 9.Bg2 c6 10.h4 Nbd7 11.Nxd7 Kxd7 12.Bd2 h6 13.Qe2 Bb4 14.a3 Bxc3 15.
Bxc3 Qc7 16.Bd2 Bxc2 17.Rh3 Rae8 18.Rc1 Bg6 19.b4 Qb6 20.h5 Bh7 21.Rf3 Qb5
22.Qxb5 cxb5 23.Bxh6 Rhg8 24.Bxg7 Rxg7 25.Rxf6 Rxg4 26.Rxf7+ Re7 27.Rc7+ 
Kxc7 28.Rxe7+ Kd6 29.Rxh7 Rxg2 30.Rxb7 a6 31.h6 Kd5 32.h7 Rh2 33.Rd7+ Kc4 
34.f4 Kd3 35.d5 exd5 36.f5 Ke4 37.f6 Ke5 38.f7 Rxh7 39.f8=Q Rxd7 40.Qe8+ 
1-0

[Event "III Festival A"]
[Site "Assisi ITA"]
[Date "2006.02.03"]
[Round "2"]
[White "Malfagia, Andrea"]
[Black "Diotallevi, Maurizio"]
[Result "1-0"]
[WhiteElo "2244"]
[BlackElo "2122"]
[PlyCount "83"]
[EventDate "2006.02.02"]

1.d4 d5 2.c4 e6 3.Nc3 Be7 4.Nf3 Nf6 5.Bg5 h6 6.Bh4 O-O 7.e3 Ne4 8.Bxe7 
Qxe7 9.cxd5 Nxc3 10.bxc3 exd5 11.Qb3 Rd8 12.Bd3 c5 13.Qa3 Kf8 14.Qxc5 Qxc5
15.dxc5 Nd7 16.O-O-O Nxc5 17.Bc2 Bg4 18.Rd4 Be6 19.Rhd1 Ke7 20.Rb4 b6 21.
Nd4 Rac8 22.f3 Rd7 23.Ne2 Na6 24.Rbd4 Rc4 25.Kb2 Rxd4 26.cxd4 f5 27.Bb3 
Kd6 28.h4 Nb8 29.Nf4 Bf7 30.Kc3 Rc7+ 31.Kd2 Re7 32.Rc1 Nd7 33.Ba4 Nb8 34.
Rc8 Rb7 35.Nd3 Be6 36.Rd8+ Ke7 37.Re8+ Kf6 38.Ne5 b5 39.Bb3 a5 40.e4 fxe4 
41.fxe4 a4 42.Rxe6+ 1-0